Normal view
MARC view
- Palomares Ruiz, Ascensión
Entry Nombre Personal
001 - NUMERO DE CONTROL
- campo de control: 59297
003 - IDENTIFICADOR DE NUMERO DE CONTROL
- campo de control: MX-MxUPN
005 - FECHA Y HORA DE LA ÜLTIMA TRANSACCIÓN
- campo de control: 20260417122335.0
008 - DATOS DE LONGITUD FIJA
- campo de control de longitud fija: 260417nn acnnnaabn n aaa d
040 ## - FUENTE DE CATALOGACIÓN
- Agencia original de catalogación: MX-MxUPN
- Lenguaje de catalogación: spa
100 1# - ENCABEZAMIENTO - NOMBRE PERSONAL
- Nombre personal: Palomares Ruiz, Ascensión
400 1# - VEÁSE - NOMBRE DE PERSONA
- Personal name: Ruiz, Ascensión Palomares
670 ## - FUENTE EN LA QUE SE LOCALIZARON DATOS
- Cita de la fuente: Una mirada internacional sobre la educación. 2017 :
- Información localizada: portada (Ascensión Palomares Ruiz)
- Uniform Resource Identifier: https://hdl.handle.net/10578/11811
902 ## - CATALOGADOR
- Catalogador: VictorGodínez/170426
